Southeast Asia and the Civil Society Gaze (Record no. 96713)
[ view plain ]
| 000 -LEADER | |
|---|---|
| fixed length control field | 02308nam a2200277Ii 4500 |
| 008 - FIXED-LENGTH DATA ELEMENTS--GENERAL INFORMATION | |
| fixed length control field | 221202s xx 000 0 und d |
| 245 #0 - TITLE STATEMENT | |
| Title | Southeast Asia and the Civil Society Gaze |
| 246 ## - VARYING FORM OF TITLE | |
| Title proper/short title | Scoping a Contested Concept in Cambodia and Vietnam |
| 264 ## - PRODUCTION, PUBLICATION, DISTRIBUTION, MANUFACTURE, AND COPYRIGHT NOTICE | |
| Name of producer, publisher, distributor, manufacturer | Taylor & Francis |
| Date of production, publication, distribution, manufacture, or copyright notice | 2014 |
| 300 ## - PHYSICAL DESCRIPTION | |
| Extent | 1 online resource (312 pages) |
| 336 ## - CONTENT TYPE | |
| Content type term | text |
| Content type code | txt |
| Source | rdacontent |
| 337 ## - MEDIA TYPE | |
| Media type term | computer |
| Media type code | c |
| Source | rdamedia |
| 338 ## - CARRIER TYPE | |
| Carrier type term | online resource |
| Carrier type code | cr |
| Source | rdacarrier |
| 490 ## - SERIES STATEMENT | |
| Series statement | Routledge Studies on Civil Society in Asia |
| 520 ## - SUMMARY, ETC. | |
| Summary, etc. | As developing countries with recent histories of isolation and extreme poverty, followed by restoration and reform, both Cambodia and Vietnam have seen new opportunities and demands for non-state actors to engage in and manage the effects of rapid socio-economic transformation. This book examines how in both countries, civil society actors and the state manage their relationship to one another in an environment that is continuously shaped and (re)constructed by changing legislation, collaboration and negotiation, advocacy and protest, and social control. Further, it explores the countries' divergent experiences whilst also uncovering the underlying basis and drivers of civil society activity that are shared by Cambodia and Vietnam. Crucially, this book engages with the contested nature of civil society and how it is socially constructed through research and development activities, by looking at contemporary discourses and manifestations of civil society in the two countries, including national and community-level organisations, associations, and networks that operate in a variety of sectors, such as gender, the environment and health. Drawing on extensive fieldwork conducted in Cambodia and Vietnam, this book will be of huge interest to students and scholars of Southeast Asian studies, Southeast Asian politics, development studies and civil society. |
| 653 ## - INDEX TERM--UNCONTROLLED | |
| Uncontrolled term | Bach |
| 653 ## - INDEX TERM--UNCONTROLLED | |
| Uncontrolled term | Cambodian |
| 653 ## - INDEX TERM--UNCONTROLLED | |
| Uncontrolled term | Community-Based |
| 653 ## - INDEX TERM--UNCONTROLLED | |
| Uncontrolled term | Mass |
| 653 ## - INDEX TERM--UNCONTROLLED | |
| Uncontrolled term | Organizations |
| 700 1# - ADDED ENTRY--PERSONAL NAME | |
| Personal name | Ehlert, Judith |
| 700 1# - ADDED ENTRY--PERSONAL NAME | |
| Personal name | Feuer, Hart N. |
| 700 1# - ADDED ENTRY--PERSONAL NAME | |
| Personal name | Waibel, Gabi |
| 856 ## - ELECTRONIC LOCATION AND ACCESS | |
| Uniform Resource Identifier | <a href="https://docs.google.com/spreadsheets/d/1yKIrdCPDAG_9c22mwoOIO2DOhtj65Wqa/edit?usp=sharing&ouid=106555315294820607512&rtpof=true&sd=true ">https://docs.google.com/spreadsheets/d/1yKIrdCPDAG_9c22mwoOIO2DOhtj65Wqa/edit?usp=sharing&ouid=106555315294820607512&rtpof=true&sd=true </a> |
| Link text | List of Curated E-Books |
| 942 ## - ADDED ENTRY ELEMENTS (KOHA) | |
| Koha item type | E-Book |
No items available.